000 00714cab a2200241 4500
001 ABS37517
008 090401t1987 xxu||||| |||| 00| 0 eng d
035 _a(Sirsi) u5051
041 _aeng
245 _aForfeiture of leases
260 _c1987
350 _a0
490 _aEstates Gazette
_v281 (6226) 21 March 1987, 1335-1336 (2)
520 _aA Mainly for Students article listing circumstances under which a landlord may successfully take forfeiture proceedings against a tenant.
650 _aBREACH OF COVENANT
650 _aCOVENANTS
650 _aFORFEITURE
650 _aPOSSESSION
650 _aSUBTENANCIES
690 _aPROPERTY-LANDLORD AND TENANT
942 _n0
948 _c04/03/1997
999 _c3033
_d3033